00601nam a2200157 a 450000100100000000500170001000800410002704000250006808200120009310000240010524500900012926000740021930000200029360000520031365100780036500003268020240229073937.0110725t19uu dr 000 0bspa d aDO-SdBNPbspacBNPHU aF-RD 811 aLandestoy G., J. M.10aEnfoque de la personalidad de Trujillo y de su obra de gobierno /cJ. M. Landestoy G. aCiudad Trujillo, República Dominicana :bImprenta Rincon,c[195-?]. a38 p. ;c23 cm.10aTrujillo Molina, Rafael Leónidas,d 1891-1961 4aRepública DominicanaxPolítica Y GobiernoyERA DE TRUJILLO, 1930-1961